Detalles MARC
| 000 -LÍDER |
| Campo fijo de descripción fija |
02019nam a22003134i 4500 |
| 001 - NÚMERO DE CONTROL |
| Campo de control |
768714001 |
| 003 - IDENTIFICADOR DEL NÚMERO DE CONTROL |
| Campo de control |
CO-MdFUSB |
| 005 - FECHA Y HORA DE LA ULTIMA TRANSACCIÓN |
| control field |
20180815074624.0 |
| 008 - ELEMENTOS DE LONGITUD FIJA -- INFORMACIÓN GENERAL |
| Campo fijo de descripción fija -- Información general |
030314s1995 ck r 001 0 spa d |
| 020 ## - NÚMERO INTERNACIONAL NORMALIZADO PARA LIBROS |
| Número Internacional Normalizado del libro |
9586078175 |
| 040 ## - FUENTE DE CATALOGACIÓN |
| Agencia de catalogación original |
CO-BoPUV |
| Idioma de catalogación |
spa |
| Convenciones de la descripción |
rda |
| Agencia que realiza la transcripción |
CO-MdFUSB |
| Agencia que realiza la modificación |
CO-MdFUSBC |
| 041 ## - CÓDIGO DE IDIOMA |
| Código de idioma para texto/pista de sonido o título separado |
spa |
| 082 04 - NÚMERO DE CLASIFICACIÓN DECIMAL DEWEY |
| Número de clasificación |
226.5 |
| Clave de autor-Numero de item |
SE496 |
| Número de la edición del Dewey |
23 |
| 100 1# - ASIENTO PRINCIPAL--NOMBRE PERSONAL |
| Nombre personal |
Seubert, Augusto |
| Término relacionador |
autor |
| 245 ## - TÍTULO |
| Título del Material |
Como entender los mensajes del evangelio de Juan |
| Mención de responsabilidad, etc. |
/ Augusto Seubert |
| 264 #1 - PRODUCCIÓN, PUBLICACIÓN, DISTRIBUCIÓN, MANUFACTURA, Y COPYRIGHT |
| Lugar de producción, publicación, distribución, manufactura |
Bogota, Colombia : |
| Nombre del productor, publicador, distribuidor |
San Pablo, |
| Fecha de producción, publicación, distribución, manufactura, o copyright |
℗[1995] |
| 264 #4 - PRODUCCIÓN, PUBLICACIÓN, DISTRIBUCIÓN, MANUFACTURA, Y COPYRIGHT |
| Fecha de producción, publicación, distribución, manufactura, o copyright |
©1995 |
| 300 ## - DESCRIPCIÓN FÍSICA |
| Extensión |
168 páginas ; |
| Dimensiones |
21 cm |
| 336 ## - TIPO DE CONTENIDO |
| Término de tipo de contenido |
texto |
| Código de tipo de contenido |
txt |
| Fuente |
rdacontent |
| 337 ## - TIPO DE MEDIO |
| Nombre del tipo de medio |
sin mediación |
| Código del tipo de medio |
n |
| Fuente |
rdamedia |
| 338 ## - TIPO DE SOPORTE |
| Nombre del tipo de soporte |
volumen |
| Código Tipo de soporte |
nc |
| Fuente |
rdacarrier |
| 504 ## - NOTA DE BIBLIOGRAFÍA, ETC. |
| Nota de bibliografía, etc |
Incluye referencias bibliográficas (página167) |
| 505 ## - NOTA DE CONTENIDO |
| Nota de contenido con formato preestablecido |
Jn 1, 1-18: se introduce el evangelio -- Jn 2, 13-22: el templo viejo sustituido Cristo, el nuevo templo -- Jn 3: Nicodemo, el hombre viejo necesita renacer -- Jn 4: la samaritana, la misión cristiana en Samaria -- Jn 4, 43-54: la segunda señal, Cristo, dador de vida -- Jn 5: el paralítico, la esperanza frustrada -- Jn 6: el pan de vida que siempre sobra -- Jn 7-8: los conflictos entre cristianos y judíos contrarios -- Jn 7-8: la fiesta de las chozas, manifestación de Cristo -- Jn 8, 1-11: un problema de adulterio -- Jn 9: el ciego de nacimiento renace -- Jn 10: Jesús, el buen pastor -- Jn 11: Lázaro, los muertos que no mueren -- Jn 11: la muerte se acerca -- Jn 13: amor y servicio traicionados -- Jn 13, 31-14, 31: Cristo se despide; se va pero vuelve -- Jn 15: la vid verdadera -- Jn 16: los últimos consejos -- Jn 17: la oración final de Jesús -- Jn 18-19: llega la hora -- Jn 20: Jesus de Nazaret, ¡presente! -- Jn 21: la pesca fracasada se convierte en éxito -- Conclusiones -- Apéndice |
| Título |
Carta a los lectores. -- |
| -- |
l. El libro de los signos |
| -- |
ll. El libro d la gloria discursos de despedida. |
| 563 ## - NOTA DE ENCUADERNACIÓN |
| Nota de encuadernación |
Tapa rústica |
| 630 07 - TITULO UNIFORME |
| Título uniforme |
Biblia. |
| Subdivisión de forma |
Juan |
| 942 ## - TIPO DE MATERIAL (KOHA) |
| Tipo de Item KOHA |
Libros General |